| 000 -LEADER |
| fixed length control field |
02147cmm a2200457 a 4500 |
| 001 - CONTROL NUMBER |
| control field |
11768630 |
| 003 - CONTROL NUMBER IDENTIFIER |
| control field |
ASAB |
| 005 - DATE AND TIME OF LATEST TRANSACTION |
| control field |
20180827062624.0 |
| 007 - PHYSICAL DESCRIPTION FIXED FIELD--GENERAL INFORMATION |
| fixed length control field |
co cgu |
| 008 - FIXED-LENGTH DATA ELEMENTS--GENERAL INFORMATION |
| fixed length control field |
990802s1998 nyu m eng d |
| 010 ## - LIBRARY OF CONGRESS CONTROL NUMBER |
| LC control number |
99383236 |
| Canceled/invalid LC control number |
98801355 |
| 020 ## - INTERNATIONAL STANDARD BOOK NUMBER |
| International Standard Book Number |
1888902779 |
| 035 ## - SYSTEM CONTROL NUMBER |
| System control number |
(DLC) 99383236 |
| 035 ## - SYSTEM CONTROL NUMBER |
| System control number |
(OCoLC)37941422 |
| 040 ## - CATALOGING SOURCE |
| Original cataloging agency |
CSZ |
| Transcribing agency |
ASAB |
| Modifying agency |
DLC |
| 042 ## - AUTHENTICATION CODE |
| Authentication code |
lccopycat |
| 050 00 - LIBRARY OF CONGRESS CALL NUMBER |
| Classification number |
QR41.2 |
| 060 #4 - NATIONAL LIBRARY OF MEDICINE CALL NUMBER |
| Classification number |
QW 18.2 W564e 1998 |
| 082 10 - DEWEY DECIMAL CLASSIFICATION NUMBER |
| Classification number |
579 |
| Edition number |
13 |
| 100 1# - MAIN ENTRY--PERSONAL NAME |
| Personal name |
kathleen campbell smith |
| 9 (RLIN) |
1672 |
| 245 13 - TITLE STATEMENT |
| Title |
An electronic companion to microbiology for majors |
| 246 3# - VARYING FORM OF TITLE |
| Title proper/short title |
Microbiology for majors |
| 256 ## - COMPUTER FILE CHARACTERISTICS |
| Computer file characteristics |
Computer data and program. |
| 260 ## - PUBLICATION, DISTRIBUTION, ETC. |
| Place of publication, distribution, etc. |
New York : |
| Name of publisher, distributor, etc. |
Cogito Learning Media, Inc., |
| Date of publication, distribution, etc. |
c1998. |
| 300 ## - PHYSICAL DESCRIPTION |
| Other physical details |
col. ; |
| Dimensions |
4 3/4 in. + |
| Accompanying material |
1 workbook (185 p. : ill. ; 24 cm.) |
| 500 ## - GENERAL NOTE |
| General note |
Title from disc label. |
| 500 ## - GENERAL NOTE |
| General note |
Workbook by Kathleen Campbell Smith, additional questions by Diana Sue Katz. |
| 520 ## - SUMMARY, ETC. |
| Summary, etc. |
Multimedia study guide for microbiology which includes interactive review and self-testing of key concepts; interactive multiple choice, "drag and drop," true/false, and fill-in-the-blank questions; accompanying workbook with focused summaries and additional problems and exercises. Uses concise text, animation and video. |
| 538 ## - SYSTEM DETAILS NOTE |
| System details note |
System requirements (Windows): IBM PC or compatibles; Windows 3.1 or higher; 486 processor or higher; 8MB RAM or more (for Windows 95, requires 12MB or more RAM). |
| 538 ## - SYSTEM DETAILS NOTE |
| System details note |
System requirements (Macintosh): Macintosh with 040 processor or higher; System 7.1 or later; 8MB or more RAM (12MB or more RAM required with PowerPC). |
| 650 #0 - SUBJECT ADDED ENTRY--TOPICAL TERM |
| Topical term or geographic name entry element |
Microbiology |
| Form subdivision |
Software. |
| 9 (RLIN) |
1673 |
| 650 #0 - SUBJECT ADDED ENTRY--TOPICAL TERM |
| Topical term or geographic name entry element |
Microbiology |
| General subdivision |
Examinations, questions, etc. |
| Form subdivision |
Software. |
| 9 (RLIN) |
1674 |
| 650 #2 - SUBJECT ADDED ENTRY--TOPICAL TERM |
| Topical term or geographic name entry element |
Microbiology |
| General subdivision |
examination questions |
| -- |
CD-ROM. |
| 9 (RLIN) |
1675 |
| 650 #2 - SUBJECT ADDED ENTRY--TOPICAL TERM |
| Topical term or geographic name entry element |
Microbiology |
| General subdivision |
outlines |
| -- |
CD-ROM. |
| 9 (RLIN) |
1676 |
| 700 1# - ADDED ENTRY--PERSONAL NAME |
| Personal name |
Smith, Kathleen Campbell. |
| 9 (RLIN) |
1677 |
| 700 1# - ADDED ENTRY--PERSONAL NAME |
| Personal name |
Katz, Diana Sue. |
| 9 (RLIN) |
1678 |
| 710 2# - ADDED ENTRY--CORPORATE NAME |
| Corporate name or jurisdiction name as entry element |
Cogito Learning Media, Inc. |
| 9 (RLIN) |
1679 |
| 906 ## - LOCAL DATA ELEMENT F, LDF (RLIN) |
| a |
7 |
| b |
cbc |
| c |
copycat |
| d |
u |
| e |
ncip |
| f |
19 |
| g |
y-gencompf |
| 942 ## - ADDED ENTRY ELEMENTS (KOHA) |
| Source of classification or shelving scheme |
|
| Koha item type |
Book |